000 00320 a2200133 4500
001 155338
040 _cEscola São Tomás de Aquino
240 1 0 _aSomando novos talentos para o Brasil
_lpor
245 1 0 _aSomando novos talentos para o Brasil
300 _a164
362 0 _a2007
697 _aMATEMÁTICA
942 _cBK
999 _c155338
_d155338